| 000 | 00598 a2200169 4500 | ||
|---|---|---|---|
| 020 | _a8179921824 | ||
| 020 | _a9788179921821 | ||
| 090 |
_c2524 _d2524 |
||
| 100 | 1 | _aEnglish, Gary. | |
| 245 | 1 | 0 |
_aPractical strategies for optimzing workforce performance / _cGary English. |
| 260 |
_a[S.l.] : _bJaico Publishing House, _c2005. |
||
| 300 | _a196 p. | ||
| 500 | _aHardcover. | ||
| 856 | 4 | 0 |
_3Amazon.com _uhttp://www.amazon.com/exec/obidos/ASIN/8179921824/chopaconline-20 |
| 856 | 4 | 0 |
_3Amazon customer reviews _uhttp://www.chopac.org/cgi-bin/tools/azrev.pl?q=8179921824 |
| 942 |
_aNBS _cBK _k658.15 GAR |
||
| 999 |
_c345019 _d345019 |
||